000 00413nam a2200169Ia 4500
008 231221s9999 xx 000 0 und d
041 _aEnglish
082 _a001.6424C DEI;
100 _aDeitel, H M. Deitel, P J.
245 0 _aC++ : How to program
250 _a4th ed.
260 _c2003
_bPearson Education,
_aDelhi
300 _aLix+1321
300 _c24681
650 _aC++,:,program
942 _cCD
999 _c202697
_d202697